000
00226nam a22000857a 4500
008
160811b xxu||||| |||| 00| 0 eng d
100
_9
108
_a
Chowdhry N.K
245
_a
Social Science-X
260
_a
New Delhi
_b
S.Chand publication
_c
2010
999
_c
2762
_d
2762